banner-ar

دليل هيئات رعاية وتأهيل المعوقين بجمهورية مصر العربية / (Record no. 48700)

MARC details
000 -الفاتح
حقل البيانات ثابتة الطول 00675nam a2200193Ia 4500
008 - عناصر البيانات ثابتة الطول - معلومات عامة
حقل البيانات ثابتة الطول 140319s9999 xx 000 0 ara d
040 ## - مصدر الفهرسة
وكالة الفهرسة الأصلية GCL /
وكالة النسخ GCL
082 04 - رقم تصنيف ديوى العشرى
رقم التصنيف 362.78
رقم المادة ى د
100 1# - المدخل الرئيسى - إسم شخصى
الإسم الشخصى يوسف هاشم امام
245 10 - بيان العنوان
العنوان دليل هيئات رعاية وتأهيل المعوقين بجمهورية مصر العربية /
بيان المسئوليه,etc يوسف هاشم امام
700 1# - المدخل الاضافى - اسم شخصى
الإسم الشخصى على عبده محمود (مراجعة)
300 ## - الوصف المادى
التعداد 205 ص
490 ## - بيان السلسلة
عنوان السلسلة الهيئة العامة للاستعلامات
رقم المجلد/ التعيين التسلسلي 0
650 04 - المدخل الاضافى بالموضوع-مصطلح موضوعى
مصطلح موضوعي الادلة
650 04 - المدخل الاضافى بالموضوع-مصطلح موضوعى
مصطلح موضوعي المعوقون - رعاية وعلاج
650 04 - المدخل الاضافى بالموضوع-مصطلح موضوعى
مصطلح موضوعي المعوقون - ادلة
942 ## - عناصر المدخل الإضافي( كوها)
مصدر التصنيف او مخطط الترفيف Dewey Decimal Classification
Koha [default] item type كتاب
Holdings
حالة التراجع حالة الفقد حالة تلف ليس للاعارة المكان المؤقت الموقع الحالى تاريخ الاكتساب اجمالي اﻻعارات رقم الطلب الباركود تاريخ اخر مشاهدة تاريخ تفعيل السعر نوع وعاء كوها
        مكتبة القاهرة الكبرى مكتبة القاهرة الكبرى 03/26/2014   362.78\ى د 117412 03/26/2014 03/26/2014 كتاب

Powered By

EGPV